Zídky, schody a modelace terénu : návrh, projekt, rozpočet /

Hlavní autor: Wirth, Peter
Jazyk: Čeština
Vydáno: Praha : Grada, 2004
Vydání: 1. vyd.
Edice: Zahradní architekt
Témata:
Fyzický popis: 79 s. : barev. il. a plány ; 23 cm
Knihy
Uloženo v:
LEADER 01410nam a2200409 a 4500
001 000736991
003 CZ BrMZK
005 20191104070142.0
007 ta
008 040921s2004 xr ae erf 001 0 cze d
015 |a cnb001367461 
020 |a 80-247-0977-5  |q (brož.) 
035 |a (OCoLC)85112659 
040 |a BOA001  |b cze 
041 1 |a cze  |h ger 
072 7 |a 712  |x Plánování krajiny. Parky. Zahrady  |2 Konspekt  |9 24 
080 |a 712.3/.7  |2 MRF 
080 |a 631.23/.27  |2 MRF 
080 |a 624.133/.138  |2 MRF 
080 |a (035)  |2 MRF 
100 1 |a Wirth, Peter  |7 mzk2004246531  |4 aut 
245 1 0 |a Zídky, schody a modelace terénu :  |b návrh, projekt, rozpočet /  |c Peter Wirth ; [přeložila Nora Martišková] 
250 |a 1. vyd. 
260 |a Praha :  |b Grada,  |c 2004 
300 |a 79 s. :  |b barev. il. a plány ;  |c 23 cm 
490 1 |a Zahradní architekt 
500 |a Přeloženo z němčiny 
500 |a Obsahuje rejstřík 
650 0 7 |a zahradní architektura  |7 ph116723  |2 czenas 
650 0 7 |a zahradní stavby  |7 ph116726  |2 czenas 
650 0 7 |a terénní úpravy  |7 ph214647  |2 czenas 
655 7 |a příručky  |7 fd133209  |2 czenas 
765 0 |t Gartenplaner - Mauern, Treppen, Geländemodellierung  |9 Česky 
830 0 |a Zahradní architekt  |0 s 
910 |a BOA001  |b 2-1140.348 
990 |a BK 
996 6 |b 2610705030  |c 2-1140.348  |l MZK  |r Sklad / do 1 hodiny  |n 0  |p dar  |w 000736991  |u 000020  |a 1  |e BOA001  |j MZK50  |s P